<?xml version="1.0" encoding="UTF-8"?>
<marc:record xmlns:marc="http://www.loc.gov/MARC21/slim">
   <marc:leader>00000nam a2200000 a 4500</marc:leader>
   <marc:datafield ind1="1" ind2=" " tag="100">
      <marc:subfield code="a">Ford, Richard</marc:subfield>
      <marc:subfield code="4">aut</marc:subfield>
      <marc:subfield code="e">Verfasser/-in</marc:subfield>
   </marc:datafield>
   <marc:datafield ind1="0" ind2="0" tag="245">
      <marc:subfield code="a">Zwischen ihnen</marc:subfield>
   </marc:datafield>
   <marc:datafield ind1="0" ind2="0" tag="245">
      <marc:subfield code="c">Richard Ford</marc:subfield>
   </marc:datafield>
   <marc:datafield ind1=" " ind2="1" tag="264">
      <marc:subfield code="a">München</marc:subfield>
      <marc:subfield code="b">Hanser</marc:subfield>
      <marc:subfield code="c">2017</marc:subfield>
   </marc:datafield>
   <marc:datafield ind1="1" ind2=" " tag="520">
      <marc:subfield code="a">Mit siebzehn verliebt sich Edna Akin aus Arkansas in Parker Ford, einen Jungen vom Land mit den durchscheinend hellblauen Ford-Augen. Sie heiraten und beginnen ein Nomadenleben in den Südstaaten der USA &#x96; Parker arbeitet als Handlungsreisender. Die 30er Jahre ziehen vorbei wie ein langes Wochenende, ungezählte Meilen, Cocktails, Hotelzimmer: New Orleans, Texarcana, Memphis. Die Geborgenheit, die es in ihrer Welt, dem Amerika der frühen Ford-Romane, nicht gibt, finden sie beieinander. Dann kommt ein einziges spätes Kind zur Welt &#x96; und alles ändert sich. "Zwischen ihnen" ist Richard Fords intimstes Buch: ein literarisches Memoir über seine Eltern und ein atmosphärisches Porträt des Lebens in den USA Mitte des 20. Jahrhunderts.</marc:subfield>
   </marc:datafield>
   <marc:datafield ind1=" " ind2=" " tag="020">
      <marc:subfield code="a">9783446256804</marc:subfield>
      <marc:subfield code="9">9783446256804</marc:subfield>
   </marc:datafield>
   <marc:datafield ind1=" " ind2=" " tag="041">
      <marc:subfield code="a">ger</marc:subfield>
   </marc:datafield>
   <marc:datafield ind1=" " ind2=" " tag="300">
      <marc:subfield code="a">143 S.</marc:subfield>
   </marc:datafield>
</marc:record>
